Vista normal
Vista MARC
Entrada Nombre de reunión
Número de registros utilizados en: 1
001 - NÚMERO DE CONTROL
- campo de control: 84747
003 - IDENTIFICADOR DEL NÚMERO DE CONTROL
- campo de control: DO-SdBNP
005 - FECHA Y HORA DE LA ÚLTIMA TRANSACCIÓN
- campo de control: 20231227131317.0
008 - DATOS DE LONGITUD FIJA
- campo de control de longitud fija: 231227|| aca||aabn | a|a d
040 ## - FUENTE DE LA CATALOGACIÓN
- Centro catalogador/agencia de origen: DO-SdBNP
- Centro/agencia transcriptor: DO-SdBNP
111 ## - ENCABEZAMIENTO--NOMBRE DE CONGRESO/REUNIÓN
- Número del congreso/reunión o número de parte o sección: (7mo :
- Fecha del congreso/reunión: 1984 :
- Sede del congreso/Lugar de la reunión: Santo Domingo, República Dominicana)
670 ## - FUENTE DE DATOS ENCONTRADOS
- Cita de la fuente: Work cat.: (DO-SdBNP)55641: Congreso Asociación de Lingüística y Filología de América Latina (ALFAL) / (7mo : 1984 : Santo Domingo, República Dominicana), VII congreso asociación de lingüística y filología de américa aatina (ALFAL):
